Irland <Die> Grüne Insel. Mit praktischen Hinweisen für Touristen und Auswanderer
Saved in:
| Main Author: | |
|---|---|
| Format: | Book |
| Language: | German |
| Published: |
München
Beck
1991
|
| Edition: | 2. überarb. Aufl. |
| Series: | Beck'sche Reihe
801 |
| Subjects: | |
| Tags: |
No Tags, Be the first to tag this record!
|
MARC
| LEADER | 00000nam a2200000 4500 | ||
|---|---|---|---|
| 001 | c010482 | ||
| 005 | 20221206114711.7 | ||
| 020 | |a 3-406-09871-1 | ||
| 041 | 0 | |a ger | |
| 044 | |a DE | ||
| 245 | 1 | 0 | |a Irland |b <Die> Grüne Insel. Mit praktischen Hinweisen für Touristen und Auswanderer |c Manfred P. Tieger |
| 250 | |a 2. überarb. Aufl. | ||
| 264 | 1 | |a München |b Beck |c 1991 | |
| 300 | |a 198 s. | ||
| 490 | 1 | |a Beck'sche Reihe |v 801 | |
| 830 | 0 | |a Beck'sche Reihe |v 801 | |
| 610 | 2 | 0 | |a Írsko |
| 610 | 2 | 0 | |a geografia |
| 610 | 2 | 0 | |a história |
| 610 | 2 | 0 | |a štát |
| 610 | 2 | 0 | |a politika |
| 610 | 2 | 0 | |a obyvateľstvo |
| 610 | 2 | 0 | |a náboženstvo |
| 610 | 2 | 0 | |a cirkev |
| 100 | 1 | |a Tieger, Manfred P. | |